Statistiken für Hauptstädte Balkan

Klicken Sie hier um das Quiz zu spielen!

Allgemein

  • Dieses Quiz wurde 407 mal gespielt
  • Das Durchschnittsergebnis liegt bei 10 aus 12

Antwortstatistiken

Antwort% Korrekt
KroatienZagreb
96%
GriechenlandAthen
94%
UngarnBudapest
92%
BulgarienSofia
91%
AlbanienTirana
90%
RumänienBukarest
89%
SerbienBelgrad
86%
KosovoPristina
84%
SlowenienLjubljana
83%
BosnienSarajevo
83%
NordmazedonienSkopje
79%
MontengroPodgorica
68%

Verteilung der Resultate

Perzentil nach korrekt beantworteten Fragen

Anzahl Personen mit jedem Resultat

Ihre Resultats-Entwicklung

Sie haben dieses Quiz noch nicht gespielt